000 00729nam a2200229 a 4500
999 _c12669
_d12669
001 12669
003 BD-JhCC
005 20221112100354.0
008 221112s2021 bg |||| ||a| 000 0 ben d
035 _a(BD-JhCC)12669
040 _aBD-JhCC
_dBD-JhCC
041 _aeng
082 _a920
_bCHO 2021
100 _aচৌধুরী, ড. মুকিদ
245 _aনেপোলিয়ন বোনাপার্ট /
_cড. মুকিদ চৌধুরী
260 _aঢাকা :
_bআগামী প্রকাশনী,
_c২০২১
300 _a২১৩ পৃ. :
_c২২ সেমি.
600 _aBonaparte, Napoléon
_d1769-1821
650 _aBiography
942 _2ddc
_cBK